00221 a2200109 4500001000700000020000600007040001100013100002500024240002900049245002400078362000900102176475 a  cMagnum aCampos, Paulo Mendes10aDom raposo e fogo !lpor10aDom raposo e fogo !0 a1899